Plant diversity : (Record no. 82747)

MARC details
000 -LEADER
fixed length control field 00699nam a22001937a 4500
005 - DATE AND TIME OF LATEST TRANSACTION
control field 20140314144407.0
010 ## - LCCN (DPL NO)
LC control number ENG-109465
020 ## - INTERNATIONAL STANDARD BOOK NUMBER
Terms of availability 100.00
035 ## - SYSTEM CONTROL NUMBER
System control number EN-92998
037 ## - SOURCE OF ACQUISITION
Source of stock number/acquisition DBAD/PUB
082 ## - DEWEY DECIMAL CLASSIFICATION NUMBER
Classification number 581
100 ## - MAIN ENTRY--PERSONAL NAME
Personal name Ragland, Annie
245 00 - TITLE STATEMENT
Title Plant diversity :
Statement of responsibility, etc by Annie Ragland [and] V. Kumaresan
Remainder of title algae,fungi,lichens,bryophyta,pteridophyta,gymnosperms,herberium techinques, taxonomy,medicinal botany & embryology /
260 ## - PUBLICATION, DISTRIBUTION, ETC. (IMPRINT)
Place of publication, distribution, etc Nagercoil
Name of publisher, distributor, etc Saras Publication
Date of publication, distribution, etc 2013
270 ## - ADDRESS
Address 114/35G, A.R.P. Camp Road, Periavilai, Kottar, Nagercoil
City Kanyakumari
Postal code 629002
300 ## - PHYSICAL DESCRIPTION
Extent V.1(xiii,202p.)
Dimensions 22cm(pbk)
700 ## - ADDED ENTRY--PERSONAL NAME
Personal name Kumaresan, V.
942 ## - ADDED ENTRY ELEMENTS (KOHA)
Source of classification or shelving scheme Dewey Decimal Classification
Item type English Books
Call number suffix RAG
Classification part 581
Holdings
Withdrawn status Lost status Not for loan Collection code Home library Current library Date acquired Source of acquisition Cost, normal purchase price Full call number Barcode Copy number Cost, replacement price Koha item type
    Not For Loan Non-fiction D.B.Act.Division D.B.Act.Division 25/02/2014 DBAD/PUB 100.00 581 RAG EN-92998 1 100.00 English Books

© Delhi Public Library
Hit Counter
free hit counter